Flexibilita a časové podmienky práce diplomová práca

Saved in:
Bibliographic Details
Main Author: Ševčík, Marcel
Corporate Author: Fakulta podnikového manažmentu EU. Katedra manažmentu
Other Authors: Nachtmannová, Oľga, 1963-
Format: Book
Language:Slovak
Published: Bratislava 2016
Tags: Add Tag
No Tags, Be the first to tag this record!

MARC

LEADER 00000nbm a2200000 4500
001 0218436
005 20170222142414.6
041 0 |a slo 
044 |a SK 
245 1 0 |a Flexibilita a časové podmienky práce  |b diplomová práca  |c Marcel Ševčík ; školiteľ: Oľga Nachtmannová 
264 1 |a Bratislava  |c 2016 
300 |a 2 s. 
100 1 |a Ševčík, Marcel 
700 1 |a Nachtmannová, Oľga, 1963- 
710 2 |a Fakulta podnikového manažmentu EU. Katedra manažmentu